| 000 | 00800nam a2200229Ia 4500 | ||
|---|---|---|---|
| 003 | GCL | ||
| 008 | 140319s9999 xx 000 0 ara d | ||
| 020 | _a8023316977 | ||
| 040 |
_aGCL / _cGCL |
||
| 082 | 0 | 4 |
_a949.71 _bب ك |
| 100 | 1 | _aبهاء احمد الامير | |
| 245 | 1 | 0 |
_aكوسوفا المذابح والسياسة / _cبهاء احمد الامير |
| 250 | _aالاولى | ||
| 260 |
_aالقاهرة : _bدار النشر للجامعات المصرية ، _c1999 |
||
| 300 |
_a140 ص ؛ _c24 سم |
||
| 650 | 0 | 4 | _aالسياسة والحرب |
| 650 | 0 | 4 | _aالتسوية السلمية للمنازعات الدولية |
| 650 | 0 | 4 | _aجرائم ضد الانسانية |
| 650 | 0 | 4 | _aيوغسلافيا - تاريخ |
| 650 | 0 | 4 | _aكوسوفا - تاريخ |
| 942 |
_2ddc _cBK |
||
| 999 |
_c6332 _d6332 |
||